Library Banner

Sufism : The mystical doctrines and the idea of personality (Record no. 10876)

MARC details
000 -LEADER
fixed length control field 00484nam a2200181Ia 4500
001 - CONTROL NUMBER
control field 9804
008 - FIXED-LENGTH DATA ELEMENTS--GENERAL INFORMATION
fixed length control field 140327s9999 xx 000 0 und d
020 ## - INTERNATIONAL STANDARD BOOK NUMBER
International Standard Book Number 81-7305-143-7
040 ## - CATALOGING SOURCE
Transcribing agency PK-LaUMT
082 ## - DEWEY DECIMAL CLASSIFICATION NUMBER
Classification number 297.4
Item number STO-S
100 ## - MAIN ENTRY--PERSONAL NAME
Personal name Nicholson, R. A., J.A.
245 ## - TITLE STATEMENT
Title Sufism : The mystical doctrines and the idea of personality
Statement of responsibility, etc Nicholson, R. A., J.A.<>Stoddart, William
260 ## - PUBLICATION, DISTRIBUTION, ETC. (IMPRINT)
Date of publication, distribution, etc 1998
300 ## - PHYSICAL DESCRIPTION
Extent 165 p.
546 ## - LANGUAGE NOTE
Language note EN
700 ## - ADDED ENTRY--PERSONAL NAME
Personal name Stoddart, William
942 ## - ADDED ENTRY ELEMENTS (KOHA)
Koha item type Books
Holdings
Withdrawn status Lost status Damaged status Not for loan Home library Current library Date acquired Total Checkouts Full call number Barcode Date last seen Price effective from Koha item type
        UMT Main Campus UMT Main Campus 2014-03-27   297.4 STO-S 12088 2014-03-27 2014-03-27 Books